हिन्दू राजाओं का गौरवशाली इतिहास / (Record no. 211165)
[ view plain ]
| 000 -LEADER | |
|---|---|
| fixed length control field | 00782nam a22001817a 4500 |
| 010 ## - LCCN (DPL NO) | |
| LC control number | HIN-129734 |
| 020 ## - INTERNATIONAL STANDARD BOOK NUMBER | |
| International Standard Book Number | 9788188363940 |
| Terms of availability | 1195.00 |
| 035 ## - SYSTEM CONTROL NUMBER | |
| System control number | HN-102080 |
| 037 ## - SOURCE OF ACQUISITION | |
| Source of stock number/acquisition | DBAD |
| 082 ## - DEWEY DECIMAL CLASSIFICATION NUMBER | |
| Edition number | 2022 |
| Classification number | 954.02 |
| 100 ## - MAIN ENTRY--PERSONAL NAME | |
| Personal name | बघेल,वीरेन्द्र सिंह |
| 245 ## - TITLE STATEMENT | |
| Title | हिन्दू राजाओं का गौरवशाली इतिहास / |
| Statement of responsibility, etc | वीरेन्द्र सिंह बघेल |
| 250 ## - EDITION STATEMENT | |
| Edition statement | 2022 |
| 260 ## - PUBLICATION, DISTRIBUTION, ETC. (IMPRINT) | |
| Place of publication, distribution, etc | हरियाणा |
| Name of publisher, distributor, etc | हिमानी पुस्तक भण्डार |
| 270 ## - ADDRESS | |
| Address | 950/25, चिन्योट कालोनी, |
| City | रोहतक |
| Postal code | 124001 |
| 300 ## - PHYSICAL DESCRIPTION | |
| Extent | 400पृ. |
| Dimensions | 23सेमी.(सजिल्द) |
| 942 ## - ADDED ENTRY ELEMENTS (KOHA) | |
| Source of classification or shelving scheme | Dewey Decimal Classification |
| Item type | Hindi Books |
| Classification part | 954.02 |
| Call number suffix | बघेल |
| Withdrawn status | Lost status | Not for loan | Collection code | Home library | Current library | Date acquired | Source of acquisition | Cost, normal purchase price | Full call number | Barcode | Copy number | Cost, replacement price | Koha item type |
|---|---|---|---|---|---|---|---|---|---|---|---|---|---|
| Non-fiction | Janak Puri | Janak Puri | 07/05/2025 | DBAD | 1195.00 | 954.02 बघेल | HN-102080 | 1 | 1195.00 | Hindi Books |
